| 000 | 00407nam a2200157Ia 4500 | ||
|---|---|---|---|
| 008 | 230711s9999||||xx |||||||||||||| ||und|| | ||
| 041 | _aENG | ||
| 082 |
_a624 _bWO-P |
||
| 100 | _aWorld Health Organisation | ||
| 245 | 0 | _aProblems in community waste management | |
| 250 | _a1st | ||
| 260 |
_c1969 _aNew Delhi _bWorld Health Organisation Geneva |
||
| 300 | _a89 | ||
| 650 | _aCivil Engineering | ||
| 942 | _cBK | ||
| 999 |
_c2092 _d2092 |
||